<?xml version="1.0" encoding="UTF-8"?>
<record
    xmlns:xsi="http://www.w3.org/2001/XMLSchema-instance"
    xsi:schemaLocation="http://www.loc.gov/MARC21/slim http://www.loc.gov/standards/marcxml/schema/MARC21slim.xsd"
    xmlns="http://www.loc.gov/MARC21/slim">

  <leader>01395nam a2200289Ia 4500</leader>
  <controlfield tag="005">20231102151424.0</controlfield>
  <controlfield tag="008">121028s9999    xx            000 0 und d</controlfield>
  <datafield tag="020" ind1=" " ind2=" ">
    <subfield code="a">968-24-4286-9</subfield>
  </datafield>
  <datafield tag="040" ind1=" " ind2=" ">
    <subfield code="e">RDA</subfield>
  </datafield>
  <datafield tag="050" ind1=" " ind2=" ">
    <subfield code="a">BF713 D35 1991</subfield>
  </datafield>
  <datafield tag="100" ind1="1" ind2="0">
    <subfield code="a">DANSET, Alain</subfield>
  </datafield>
  <datafield tag="245" ind1="1" ind2="0">
    <subfield code="a">Psicolog&#xED;a del desarrollo</subfield>
    <subfield code="b"> : introducci&#xF3;n y aspectos cognoscitivos </subfield>
    <subfield code="c">/ Alain Danset ; tr. H&#xE9;l&#xE8;ine Levesque Dion</subfield>
  </datafield>
  <datafield tag="260" ind1=" " ind2=" ">
    <subfield code="a">M&#xE9;xico </subfield>
    <subfield code="b">: Trillas</subfield>
    <subfield code="c">, 1991</subfield>
  </datafield>
  <datafield tag="300" ind1=" " ind2=" ">
    <subfield code="a">278 p&#xE1;ginas</subfield>
  </datafield>
  <datafield tag="337" ind1=" " ind2=" ">
    <subfield code="a">texto</subfield>
  </datafield>
  <datafield tag="338" ind1=" " ind2=" ">
    <subfield code="a">sin medio</subfield>
  </datafield>
  <datafield tag="339" ind1=" " ind2=" ">
    <subfield code="a">volumen</subfield>
  </datafield>
  <datafield tag="500" ind1=" " ind2=" ">
    <subfield code="a">Plan Flexible /
Licenciatura en Psicolog&#xED;a /
INTRODUCCI&#xD3;N A LA PSICOLOG&#xCD;A CIENT&#xCD;FICA	 (B02) /  
14 001742, 14 003152</subfield>
  </datafield>
  <datafield tag="500" ind1=" " ind2=" ">
    <subfield code="a">Educaci&#xF3;n mixta /
Licenciatura en Psicolog&#xED;a /
INTRODUCCI&#xD3;N A LA PSICOLOG&#xCD;A CIENT&#xCD;FICA	 (B02) /  
14 004812</subfield>
  </datafield>
  <datafield tag="500" ind1=" " ind2=" ">
    <subfield code="a">Incluye &#xED;ndice anal&#xED;tico T&#xED;tulo original: El&#xE9;ments de psychologie du dev&#xE9;loppement. Introduction et aspects cognitifs</subfield>
  </datafield>
  <datafield tag="505" ind1=" " ind2=" ">
    <subfield code="a">Pr&#xF3;logo Prefacio 
1. El concepto de la psicolog&#xED;a gen&#xE9;tica 
2. Concepciones y teor&#xED;as 
3. El desarrollo de la psicolog&#xED;a del desarrollo 
4. En busca de datos p&#xFA;blicos 
5. Un modelo de desarrollo cognoscitivo 
6. Del automatismo al "pensamiento" 
7. Cambio</subfield>
  </datafield>
  <datafield tag="650" ind1="1" ind2="0">
    <subfield code="a">PSICOLOG&#xCD;A G&#xC9;NETICA</subfield>
  </datafield>
  <datafield tag="650" ind1="2" ind2="0">
    <subfield code="a">CRECIMIENTO</subfield>
  </datafield>
  <datafield tag="650" ind1="3" ind2="0">
    <subfield code="a">PSICOLOG&#xCD;A DEL DESARROLLO</subfield>
  </datafield>
  <datafield tag="700" ind1="1" ind2="2">
    <subfield code="a">LEVESQUE Dion, H&#xE9;l&#xE8;ne</subfield>
    <subfield code="e">, traductor</subfield>
  </datafield>
  <datafield tag="942" ind1=" " ind2=" ">
    <subfield code="c">LB</subfield>
    <subfield code="2">ddc</subfield>
  </datafield>
  <datafield tag="952" ind1=" " ind2=" ">
    <subfield code="0">0</subfield>
    <subfield code="1">0</subfield>
    <subfield code="4">0</subfield>
    <subfield code="7">0</subfield>
    <subfield code="a">14</subfield>
    <subfield code="b">14</subfield>
    <subfield code="d">2008-05-21</subfield>
    <subfield code="l">3</subfield>
    <subfield code="o">BF713 D35 1991</subfield>
    <subfield code="p">14 001742</subfield>
    <subfield code="r">2019-02-11</subfield>
    <subfield code="s">2019-02-11</subfield>
    <subfield code="t">1</subfield>
    <subfield code="w">2012-10-28</subfield>
    <subfield code="y">LB</subfield>
  </datafield>
  <datafield tag="952" ind1=" " ind2=" ">
    <subfield code="0">0</subfield>
    <subfield code="1">0</subfield>
    <subfield code="4">0</subfield>
    <subfield code="7">0</subfield>
    <subfield code="a">14</subfield>
    <subfield code="b">14</subfield>
    <subfield code="d">2010-09-25</subfield>
    <subfield code="l">2</subfield>
    <subfield code="o">BF713 D35 1991</subfield>
    <subfield code="p">14 003152</subfield>
    <subfield code="r">2019-03-05</subfield>
    <subfield code="s">2019-03-01</subfield>
    <subfield code="t">2</subfield>
    <subfield code="w">2012-10-28</subfield>
    <subfield code="y">LB</subfield>
  </datafield>
  <datafield tag="952" ind1=" " ind2=" ">
    <subfield code="0">0</subfield>
    <subfield code="1">0</subfield>
    <subfield code="2">lcc</subfield>
    <subfield code="4">0</subfield>
    <subfield code="7">0</subfield>
    <subfield code="a">14</subfield>
    <subfield code="b">14</subfield>
    <subfield code="d">2013-01-30</subfield>
    <subfield code="l">1</subfield>
    <subfield code="o">BF713 D35 1991</subfield>
    <subfield code="p">14 004812</subfield>
    <subfield code="r">2014-03-10</subfield>
    <subfield code="s">2014-03-10</subfield>
    <subfield code="t">3</subfield>
    <subfield code="w">2014-02-25</subfield>
    <subfield code="y">LB</subfield>
  </datafield>
  <datafield tag="952" ind1=" " ind2=" ">
    <subfield code="0">0</subfield>
    <subfield code="1">0</subfield>
    <subfield code="2">lcc</subfield>
    <subfield code="4">0</subfield>
    <subfield code="7">0</subfield>
    <subfield code="a">14</subfield>
    <subfield code="b">14</subfield>
    <subfield code="d">2014-10-01</subfield>
    <subfield code="l">4</subfield>
    <subfield code="o">BF713 D35 1991</subfield>
    <subfield code="p">14 005306</subfield>
    <subfield code="r">2020-03-10</subfield>
    <subfield code="s">2020-03-10</subfield>
    <subfield code="t">4</subfield>
    <subfield code="w">2014-10-29</subfield>
    <subfield code="y">LB</subfield>
  </datafield>
  <datafield tag="999" ind1=" " ind2=" ">
    <subfield code="c">84688</subfield>
    <subfield code="d">84688</subfield>
  </datafield>
</record>
